Регионална библиотека "Любен Каравелов" - Русе

Als die Sonne kam - Schlager instrumental (Запис номер 518935)

MARC детайли
000 -Лидер
Лидер 01393njm a2200289 a 4500
003 - Код на организацията, давaща контролен номер
Код на организацията, даваща контролен номер BLK
005 - Дата и час на последна редакция
Дата и час на последна редакция 20241009112037.0
007 - Фиксирано поле за физическо описани
Физическо описание sd bsmennmp|nu
008 - Елементи от данни с фиксирана дължина
Елементи с фиксирана дължина 240820b opnngs|||||||| | che d
028 ## - PUBLISHER NUMBER
Издателски номер 885036
040 ## - Източник на каталожния запис
Код на библиотеката BLK
041 0# - Код за език
Език на записа Немски
Език за КДБФ Немски
080 ## - УДК
УДК текст Инструментална муз. Откъси, теми, илюстрации
УДК код 785.081
УДК – код + определител 785.081(086.72)
245 ## - Сведения за заглавието
Заглавие Als die Sonne kam - Schlager instrumental
260 ## - Област на издателските данни
Място на издаване Berlin
Име на издателя Deutsche Schallplatten
Година на издаване 1973
9 (RLIN) 215027
300 ## - Физическа характеристика
Брой страници 1 грамофонни плочи 33 об./мин., stereo
Размер 30 см
380 ## - Жанр
Жанр Изкуство
490 ## - СЕРИИ (Колекции)
9 (RLIN) 494230
Серия NOVA
500 ## - Общи забележки
Обща забележка (01) Wunderschön, dich wiederzusehn<br/>(02) Gold in deinen Augen<br/>(03) Warum sind die Wälder so grün<br/>(04) Als die Sonne kam<br/>(05) Es waren sieben schöne Tage<br/>(06) Wie ein Stern<br/>(07) Guten Abend, Carolina<br/>------<br/>(08) Sieh mal einer an, diese Kleine<br/>(09) Die Schranke<br/>(10) Die Sprache der Liebe ist leis<br/>(11) Nie zuvor war ein Abend so schön<br/>(12) Du hast gelacht<br/>(13) Regen stört uns nicht<br/>(14) Mokka-Milch-Eisbar
511 ## - Забележка за участници или изпълнители
Забележка за участници Gerd Michaelis-Chor<br/>Orchester Günter Gollasch<br/><br/>Musikregie: Jürgen Lahrtz<br/>Tonregie: Siegbert Schneider
852 ## - Местоположение
Сигнатура (форматна) Ф ІІ 2453
Отдел Хранилище
856 ## - Електронен адрес и достъп
Инструкция (цена за достъп) 0.00
Права за достъп disable
942 ## - АРТИКУЛИ
Вид на библиотечния документ Грамофонни плочи
Скрит в OPAC Не
944 ## - СЪЗДАВАНЕ И РЕДАКЦИЯ на ЗАПИСА
Дата на регистрацията/редакция Нора Радева
Служител, извършил регистрацията/редакцията 30545
Статус, дата на статуса Нора Радева
Създаване/Редакция
999 ## - СИСТЕМНИ КОНТРОЛНИ НОМЕРА
Koha biblionumber 518935
Koha biblioitemnumber 518935
999 ## - СИСТЕМНИ КОНТРОЛНИ НОМЕРА
Koha biblioitemnumber 518932
999 ## - СИСТЕМНИ КОНТРОЛНИ НОМЕРА
Koha biblioitemnumber 518929
Наличности
Код за отписване Код за изгубен артикул Източник на класификационната схема Код за повреда Коз за рестрикции Код за отдаване Артикулен № Име на библиотеката - собственик Име на библиотеката, в която се намира в момента Статус (Текущо местоположение) Дата на вписване в системата Местоположение - отдел Цена в лева Инвентарен номер Систематично азбучна сигнатура Баркод Цена в евро Служебен тип на артикула
  Не е изгубен Universal Decimal Classification Не е повреден само за читалня ползва се в читалня 951253 Регионална библиотека "Любен Каравелов" Русе Регионална библиотека "Любен Каравелов" Русе Хранилище 2024-10-09 Основен фонд - ползва се само за читалня 5.00 6367 Ф ІІ 2453 900000108360 2.56 Грамофонни плочи
Vip Innovations Ltd, Rousse, Bulgaria 2025